000 02947cam a2200409 4500500
005 20260301001817.0
041 _afre
042 _adc
100 1 0 _aMatot, Jean-Paul
_eauthor
245 0 0 _aLe temps des métamorphoses
260 _c2026.
500 _a48
520 _aCet article s’emploie à dessiner quelques lignes de force d’une contribution psychanalytique à la redéfinition des rapports de l’Humain à lui-même et à ses mondes, à partir de quelques propositions métapsychologiques sous-tendant l’idée du potentiel évolutif des métamorphoses : la place transitionnelle des symbioses dans la transformation du non différencié comme dans les processus de différenciation et d’individuation ; l’agentivité du multiple, de l’indéterminé, de l’ambiguïté, pour penser l’intégration salvatrice de l’Humain dans l’ensemble du vivant et ses temporalités plurielles.
520 _aDit artikel tracht enkele hoofdlijnen te schetsen van een psychoanalytische bijdrage aan de herdefiniëring van de relatie van de mens tot zichzelf en zijn werelden, op basis van enkele metapsychologische stellingen die ten grondslag liggen aan het idee van het evolutionaire potentieel van metamorfoses: de overgangspositie van symbiose in de transformatie van het ongedifferentieerde, zoals in de processen van differentiatie en individuatie; de agentiviteit van het meervoudige, het onbepaalde, de ambiguïteit, om na te denken over de heilzame integratie van de mens in het geheel van het levende en zijn meervoudige temporaliteiten.
520 _aThis article seeks to outline some of the main thrusts of a psychoanalytic contribution in order to redefe the relationship between humans and themselves and their worlds, based on a number of metapsychological propositions underpinning the idea of the evolutionary potential of metamorphoses: the transitional place of symbioses in the transformation of the undifferentiated, as in the processes of differentiation and individuation; the agency of the multiple, the indeterminate, and ambiguity, in order to conceive of the salvific integration of humans into the whole of life and its plural temporalities.
690 _ahumain
690 _aindétermination
690 _aindividuation ambiguïté
690 _amétamorphoses
690 _amétapsychologie
690 _asymbioses
690 _atemporalités
690 _atransitionnel
690 _avivant
690 _aambiguity
690 _ahuman
690 _aindeterminacy
690 _aindividuation
690 _aliving
690 _ametamorphoses
690 _ametapsychology
690 _asymbioses
690 _atemporalities
690 _atransitional
786 0 _nRevue Belge de Psychanalyse | 87 | 2 | 2026-02-04 | p. 29-41 | 0775-0196
856 4 1 _uhttps://shs.cairn.info/revue-revue-belge-de-psychanalyse-2025-2-page-29?lang=fr&redirect-ssocas=7080
999 _c1674401
_d1674401